000 00436nam a2200169Ia 4500
003 GCL
008 140319s9999 xx 000 0 ara d
040 _aGCL /
_cGCL
082 0 4 _a811.9
_bا ط
100 1 _aابوالعرب ابواليزيد
245 1 0 _aطراطيش الكلام /
_cابوالعرب ابواليزيد
300 _a63 ص
490 _a
650 0 4 _aالزجل
650 0 4 _aغزل, نقد
942 _2ddc
_cBK
999 _c40322
_d40322